|
|
|
|
| LEADER |
01776cas a2200301 a 4500 |
| 001 |
AALejournalIMF020552 |
| 008 |
230101c9999 xx r poo 0 0eng d |
| 020 |
|
|
|c 5.00 USD
|
| 020 |
|
|
|z 9781498344982
|
| 022 |
|
|
|a 2663-3493
|
| 040 |
|
|
|a BD-DhAAL
|c BD-DhAAL
|
| 110 |
2 |
|
|a International Monetary Fund.
|
| 245 |
1 |
0 |
|a List of IMF Member Countries with Delays in Completion of Article IV Consultations Mandatory Financial Stability Assessments Over 18 Months.
|
| 264 |
|
1 |
|a Washington, D.C. :
|b International Monetary Fund,
|c 2016.
|
| 300 |
|
|
|a 1 online resource (4 pages)
|
| 490 |
1 |
|
|a Policy Papers
|
| 500 |
|
|
|a <strong>Off-Campus Access:</strong> No User ID or Password Required
|
| 500 |
|
|
|a <strong>On-Campus Access:</strong> No User ID or Password Required
|
| 506 |
|
|
|a Electronic access restricted to authorized BRAC University faculty, staff and students
|
| 520 |
3 |
|
|a In accordance with Executive Board Decision No. 15106-(12/21), the Fund will publish on its external website a list of member countries whose Article IV consultations or mandatory financial stability assessments have been delayed by more than 18 months, as of the date of publication, since the expected deadline for conclusion. The latest version of this list, as shown in Appendix I, will be published on the Fund's external website on or after December 28, 2016.
|
| 538 |
|
|
|a Mode of access: Internet
|
| 650 |
|
7 |
|a Article IV Consultations Mandatory Financial
|2 imf
|
| 650 |
|
7 |
|a List Of IMF Member Country
|2 imf
|
| 650 |
|
7 |
|a List Of Member Country
|2 imf
|
| 650 |
|
7 |
|a PP
|2 imf
|
| 650 |
|
7 |
|a Website
|2 imf
|
| 830 |
|
0 |
|a Policy Papers; Policy Paper ;
|v No. 2016/072
|
| 856 |
4 |
0 |
|z Full text available on IMF
|u http://elibrary.imf.org/view/journals/007/2016/072/007.2016.issue-072-en.xml
|z IMF e-Library
|